000 01779cam a2200457 i 4500
999 _c438
_d438
001 020646974
003 UkOxU
005 20190814150924.0
008 160916s2016 stkbf d 000 0 eng c
015 _aGBB6D2284
_2bnb
020 _a9780007556526 (hbk.) :
020 _a0007556527 (hbk.) :
035 _a(StEdNL)7934093
035 _a(Uk)017775735
040 _aUK-WkNB
_beng
_erda
_cUK-WkNB
_dStEdNL
_dUkOxU
041 0 _aeng
_afre
042 _aukscp
082 _a443.21 COL
245 0 0 _aCollins Robert French dictionary :
_bLe Robert & Collins dictionnaire français-anglais, anglais-français /
_ceditors: Janet Gough, Cordelia Lily, Christian Salzédo, Anna Stevenson ; with Teresa Álvarez, Laurence Larroche, Holly Tarbet.
246 1 8 _aCollins Le Robert French dictionary
246 3 0 _aDictionnaire français-anglais, anglais-français
246 3 3 _aFrench-English English-French dictionary
250 _aDixième édition = Tenth edition.
264 1 _aGlasgow :
_bHarperCollins Publishers ;
_aParis :
_bDictionnaires Le Robert-SEJER,
_c2016.
264 4 _c©2016
300 _axxiv, 2297 pages, 54, 24 pages of plates :
_bmaps (colour) ;
_c27 cm
336 _atext
_2rdacontent
337 _aunmediated
_2rdamedia
338 _avolume
_2rdacarrier
650 0 _aFrench language
_vDictionaries
_xEnglish.
650 0 _aEnglish language
_vDictionaries
_xFrench.
700 1 _aGough, Janet.
_eEditor
942 _2ddc
_cREF